000 00629nam a2200193 i 4500
001 32648
003 ES-MaACL
005 20250325091442.0
007 t|
008 030131s1977 sp ||||1| spa d
100 1 _aBernal, Salvador.
_928186
245 1 0 _aApuntes sobre la vida del fundador del Opus Dei /
_cSalvador Bernal, Jose María Escrivá de Balaguer.
250 _a4ª ed.
260 _aMadrid :
_b[s.n.,
_c1977] (
_fSelecciones gráficas)
300 _a323 p. ;
_c22 cm.
700 0 _aJosemaría Escrivá de Balaguer,
_cSanto
_966981
852 _aES-MaACL
_jA-6698
_bR.96041
999 _c32648
_d32648